Регионы Испании - Statistics

General Stats
  • This quiz has been taken 735 times
  • The average score is 6 of 17
Answers on the Map
Answers color-coded by a green-red scale on the quiz's map according to % correct below.
 
Answer Stats
Community % Correct
Мадрид
85%
Каталония
82%
Валенсия
57%
Страна Басков
45%
Канарские острова
40%
Арагон
37%
Балеарские острова
30%
Галисия
30%
Кастилия-Леон
29%
Андалусия
26%
Наварра
23%
Астурия
19%
Мурсия
19%
Кастилия-Ла-Манча
15%
Эстремадура
14%
Кантабрия
11%
Риоха
11%
No matching quizzes found
Score Distribution
Percent of People with Each Score
Percentile by Number Answered
Your Score History
You have not taken this quiz